Boston College International and Comparative Law Review

Detalles Bibliográficos
Formato: Desconocido
Lenguaje:inglés
Publicado: Boston, MA : Boston College School of Law, 1978-
Materias:
Acceso en línea:http://www.vlex.com/source/7163

MARC

LEADER 00000 a2200000 4500
005 20130314160710.0
007 cr|||| ||||
008 130314c19789999xxu u|p s|||| 0|||a1eng d
022 |a 2775778  
035 |a 7163 
040 |a vLex 
090 |c 3914  |d 3914 
245 0 0 |a Boston College International and Comparative Law Review  |h [Recurso electrn̤ico] 
256 |a Servicio en ln̕ea 
260 |a Boston, MA :  |b Boston College School of Law,  |c 1978- 
300 |a 1 Recurso electrn̤ico 
506 |d vLex Global  |d vLex Global (Academic Edition, excluding Law Schools)  |d vLex Global (U.S. Academic Edition, Law Schools)  |d vLex Global (U.S. Academic Edition, excluding Law Schools)  |d vLex Global (Academic Edition, Law Schools) 
650 0 4 |a Derecho internacional  |v Revistas 
650 0 4 |a Derecho comparado  |v Revistas 
740 |a vLex Revistas (Servicio en ln̕ea) 
856 |a Acceso restringido  |u http://www.vlex.com/source/7163 
942 |c REV